Незабываемый день в жизни Бальтасара (Бичлэгийн дугаар. 588971)

MARC дэлгэрэнгүй
000 -Удирдлага
Ном зүйн бүртгэл тоо буюу кодлох утгыг агуулсан 00655nam a22001937a 4500
003 - ХЯНАЛТЫН ТОО ТОДОРХОЙЛОГЧ
Код MN-UlNLM
005 - ХАМГИЙН СҮҮЛИЙН ҮЕИЙН ХЭЛЦЛИЙН ОГНОО БА ЦАГ
Тухайн бичилтийг бичсэн засварласан сүүлийн огноо. 20210922153939.0
008 - ЕРӨНХИЙ МЭДЭЭЛЭЛ-ЭЛЕМЕНТҮҮДИЙН ӨГӨГДЛИЙН УРТ
fixed length control field 210922t1978 rur||||| |||| 00| 0 rus d
040 ## - ЭХ СУРВАЛЖИЙГ ТОДОРХОЙЛОН БИЧИХ
Анхны каталогийн байгууллага Монгол Улсын Үндэсний номын сан
084 1# - БУСАД АНГИЛЛЫН ДУГААР
Ангиллын нэр Аравтын ангилал
Анги 86
Зохиогчийн 3-н тэмдэгт М 266
Шинжлэх ухааны мэдлэгийн салбар Уран зохиол - 84
100 1# - ЗОХИОГЧИЙН ХЭСЭГ
Зохиогчийн нэр Гарсиа Маркес Г.
245 1# - ҮНДСЭН ГАРЧИГ
Гарчиг Незабываемый день в жизни Бальтасара
Гарчигт хамааралтай мэдээ Рассказы
Оролцогчдын тухай мэдээ Пер. с исп. Р. Рыбкина
260 1# - ГАРАЛТЫН ТУХАЙ МЭДЭЭ
Хэвлэгдсэн газар М
Хэвлэлийн газар Правда
Хэвлэгдсэн он 1978
300 ## - ТООНЫ МЭДЭЭ
Хуудасны тоо 47с
Бусад тоон мэдээлэл 16 см.
546 ## - ХЭЛНИЙ ТУХАЙ МЭДЭЭ
Хэл
653 ## - ТҮЛХҮҮР ҮГС
Түлхүүр үг Испанийн уран зохиол
856 ## - ЭЛЕКТРОН БАЙРЛАЛ БА ХОЛБООС
Төрөл Хэвлэмэл ном
Захиалгууд
Буцаан татагдсан төлөв Хасагдсан шалтгаан Гэмтсэн төлөв Данс заагч Захиалах боломжгүй Үндсэн номын сан Одоогийн байршил Салбар танхим Сан хөмрөг 5 Бүртгэсэн огноо Бүрдүүлэлтийн эх үүсвэр Тавиурын заалт Баркод Үнэ Хамгийн сүүлд байсан огноо Нийт уншлаганд гарсан тоо Төрөл
          МУҮндэсний Номын сан МУҮндэсний Номын сан МУҮНС төв | Өрнө дахин фонд МУҮНС төв | Өрнө дахин фонд 2021-09-22 Солилцоо 297 005050000297 3.00 2023-06-23   Ном